[Event "54. Miedzynarodowy Festiwal Szachowy im. Akiby Rubinsteina<br/>OPEN A "]
[Site "Polanica-Zdroj"]
[Date "1899-12-30"]
[Round "8.26"]
[White "Maciejewski, Kamil"]
[Black "Ochmann, Reimund"]
[Result "1-0"]
[WhiteTitle "I"]
[BlackTitle ""]
[WhiteElo "1886"]
[BlackElo "2009"]

1. Nf3 Nf6 2. g3 d5 3. Bg2 c5 4. O-O Nc6 5. d4 e6 6. c4 dxc4 7. dxc5 Qa5 8. Na3
c3 9. Nd4 Nxd4 10. Qxd4 cxb2 11. Bxb2 Bxc5 12. Qe5 Bb4 13. Nb5 O-O 14. Nc7 Rb8
15. Nd5 exd5 16. Qxb8 Qb6 17. Bxf6 Bd6 18. Bd4 Bxb8 19. Bxb6 axb6 20. Bxd5 Bd6
21. Rfd1 Bc5 22. Bf3 g6 23. Rd3 Bf5 24. e4 Be6 25. a4 Ra8 26. e5 Ra7 27. Rd8+
Kg7 28. Rdd1 Bb3 29. Rf1 Bd4 30. Ra3 Bxa4 31. Bxb7 b5 32. Bc6 Re7 33. Bd5 Bxe5
34. Re1 Bf6 1-0

[Event "54. Miedzynarodowy Festiwal Szachowy im. Akiby Rubinsteina<br/>OPEN A "]
[Site "Polanica-Zdroj"]
[Date "1899-12-30"]
[Round "8.27"]
[White "Litner, Igor"]
[Black "Rak, Maciej"]
[Result "1-0"]
[WhiteTitle "I++"]
[BlackTitle "I"]
[WhiteElo "1990"]
[BlackElo "1759"]

1. d4 d5 2. c4 e6 3. Nc3 Nf6 4. Nf3 Be7 5. Bf4 O-O 6. c5 c6 7. e3 Nbd7 8. Bd3 Re8
9. O-O Bxc5 10. dxc5 e5 11. Bg3 e4 12. b4 exf3 13. Qxf3 Ne5 14. Qd1 a5 15. b5
Nxd3 16. Qxd3 Ne4 17. Nxe4 dxe4 18. Qxd8 Rxd8 19. bxc6 bxc6 20. Bd6 Ba6 21. Rfb1
a4 22. Rb4 Bd3 23. a3 Ra7 24. f3 f5 25. Kf2 Kf7 26. Ra2 Ke6 27. Rab2 g6 28. Ke1
Rda8 29. Kd2 Ra5 30. Kc3 Rb5 31. Rxb5 cxb5 32. Rb4 Rd8 33. Rd4 Rd7 34. Kb4 Rd8
35. Ka5 h6 36. Kb6 Bc2 37. Kxb5 exf3 38. gxf3 g5 39. Rd2 Bb3 40. e4 fxe4 41. fxe4
h5 42. Kb6 Rd7 43. Rf2 g4 44. e5 Rf7 45. Rd2 Rg7 46. c6 h4 47. c7 Rg8 48. Bf8
Rxf8 49. Rd8 Rxd8 50. cxd8=Q Kxe5 51. Qxh4 Kf5 52. Kc5 1-0

[Event "54. Miedzynarodowy Festiwal Szachowy im. Akiby Rubinsteina<br/>OPEN A "]
[Site "Polanica-Zdroj"]
[Date "1899-12-30"]
[Round "8.28"]
[White "Mirski, Michal"]
[Black "Pawicka, Magdalena"]
[Result "1-0"]
[WhiteTitle "I"]
[BlackTitle "I"]
[WhiteElo "1981"]
[BlackElo "1647"]

1. e4 e5 2. Nf3 Nc6 3. Bc4 Bc5 4. O-O Nf6 5. d3 a6 6. c3 Ba7 7. Bb3 d6 8. Bg5 h6
9. Be3 O-O 10. Nbd2 Re8 11. Re1 Be6 12. Bc2 d5 13. Nf1 Qd6 14. Qe2 d4 15. Bd2
Rad8 16. c4 Ne7 17. Ba4 Bd7 18. Bxd7 Nxd7 19. Ng3 Qf6 20. Nh5 Qe6 21. Nh4 Kh7
22. Kh1 Ng6 23. Nf5 Rg8 24. Qf3 Ne7 25. Qh3 Nxf5 26. exf5 Qc6 27. Re4 Nf6 28.
Rxe5 Nxh5 29. Qxh5 Qd7 30. f6 Qd6 31. fxg7 Rxg7 32. Rd5 Qf6 33. Rxd8 Qxd8 34.
Bxh6 1-0

[Event "54. Miedzynarodowy Festiwal Szachowy im. Akiby Rubinsteina<br/>OPEN A "]
[Site "Polanica-Zdroj"]
[Date "1899-12-30"]
[Round "8.29"]
[White "Fraczek, Weronika"]
[Black "Szylko, Waldemar"]
[Result "1/2-1/2"]
[WhiteTitle "k+"]
[BlackTitle "k+"]
[WhiteElo "1844"]
[BlackElo "1956"]

1. e4 c6 2. d4 d5 3. Nc3 dxe4 4. Nxe4 Bf5 5. Ng3 Bg6 6. Nf3 e6 7. Bd3 Bxd3 8. Qxd3
Nd7 9. Bf4 Ne7 10. Ne4 Nc8 11. Neg5 h6 12. Ne4 Nf6 13. Nxf6+ gxf6 14. O-O-O Bd6
15. Bxd6 Qxd6 16. Rhe1 Ne7 17. g3 O-O-O 18. Qb3 Ng6 19. c3 Kb8 20. Nd2 Qd5 21.
Qxd5 cxd5 22. h4 h5 23. Re3 Ne7 24. Nb3 b6 25. Rde1 Kb7 26. Rf3 Rh6 27. Kd2 Nc8
28. Kc2 Nd6 29. Nd2 Rc8 30. Kb3 Rg6 31. Rf4 Kc7 32. Rf3 Kd7 33. Nf1 Ne4 34. Re2
f5 35. Ne3 Rgg8 1/2-1/2

[Event "54. Miedzynarodowy Festiwal Szachowy im. Akiby Rubinsteina<br/>OPEN A "]
[Site "Polanica-Zdroj"]
[Date "1899-12-30"]
[Round "8.30"]
[White "Kejna, Piotr"]
[Black "Hetzer, Volkhard"]
[Result "1-0"]
[WhiteTitle "CM"]
[BlackTitle ""]
[WhiteElo "1655"]
[BlackElo "1949"]

1. c4 c5 2. g3 Nf6 3. Nc3 e6 4. Nf3 d5 5. cxd5 exd5 6. d4 Nc6 7. Bg2 Be7 8. O-O
O-O 9. Bg5 cxd4 10. Nxd4 h6 11. Bf4 Bg4 12. h3 Be6 13. Ncb5 Qd7 14. h4 Nxd4 15.
Nxd4 Bh3 16. Rc1 Bxg2 17. Kxg2 Rac8 18. Qb3 a6 19. e3 Ne4 20. Nf3 g5 21. hxg5
hxg5 22. Be5 g4 23. Nd4 Bf6 24. Bxf6 Nxf6 25. Qd3 Qe7 26. Nf5 Qe4+ 27. Qxe4 1-0

[Event "54. Miedzynarodowy Festiwal Szachowy im. Akiby Rubinsteina<br/>OPEN A "]
[Site "Polanica-Zdroj"]
[Date "1899-12-30"]
[Round "8.31"]
[White "Kucharski, Bartlomiej"]
[Black "Zak, Pawel"]
[Result "1-0"]
[WhiteTitle "I+"]
[BlackTitle "I"]
[WhiteElo "1938"]
[BlackElo "1721"]

1. d4 f5 2. e4 fxe4 3. Nc3 Nf6 4. Bg5 g6 5. Bxf6 exf6 6. Nxe4 Bg7 7. Be2 d5 8.
Ng3 Nc6 9. Nf3 f5 10. Bb5 O-O 11. O-O f4 12. Ne2 Bg4 13. Bxc6 Bxf3 14. gxf3 bxc6
15. c3 Qh4 16. Kh1 Rf5 17. Ng1 Rh5 18. h3 Rf8 19. Qe2 Rff5 20. Qe6+ Kh8 21. Qxc6
g5 22. Qe8+ Bf8 23. Qd8 Rh6 24. Rae1 Qh5 25. Kg2 Qf7 26. Qe8 Kg7 27. Re5 Qxe8
28. Rxe8 Rb6 29. Re2 Bd6 30. Rc2 Rf8 31. Ne2 a5 32. Nc1 a4 33. Nd3 Rfb8 34. Re1
Kf6 35. Rce2 Bf8 36. Re5 Rd8 37. h4 h6 38. hxg5+ hxg5 39. Kh3 a3 40. bxa3 Ra6
41. Kg4 Rxa3 42. Rf5+ Kg7 43. Rxg5+ Kf6 44. Rf5+ Kg7 45. Kxf4 Bd6+ 46. Ne5 Bxe5+
47. Rexe5 c6 48. Re7+ Kg8 49. Rg5+ Kf8 50. Rh7 Rxc3 51. a4 c5 52. Rh8+ 1-0

[Event "54. Miedzynarodowy Festiwal Szachowy im. Akiby Rubinsteina<br/>OPEN A "]
[Site "Polanica-Zdroj"]
[Date "1899-12-30"]
[Round "8.32"]
[White "Kies, Mariusz"]
[Black "Skiba, Aleksandra"]
[Result "1-0"]
[WhiteTitle "k"]
[BlackTitle "I+"]
[WhiteElo "2043"]
[BlackElo "1625"]

1. e4 c5 2. Nf3 Nc6 3. d3 g6 4. g3 Bg7 5. Bg2 e5 6. O-O Nge7 7. c3 O-O 8. a3 d5
9. Nbd2 d4 10. Qc2 h6 11. Rb1 Be6 12. c4 a5 13. Nb3 b6 14. Bd2 Qd7 15. Nc1 Bh3
16. Qd1 Bxg2 17. Kxg2 f5 18. Qe2 Rf7 19. h3 Raf8 20. Nh2 Qd6 21. f3 g5 22. Na2
fxe4 23. fxe4 Ng6 24. b4 axb4 25. axb4 Rxf1 26. Nxf1 Ra8 27. bxc5 bxc5 28. Nc1
Rb8 29. Rxb8+ Qxb8 30. Qg4 Nb4 31. h4 Qb6 32. hxg5 hxg5 33. Qxg5 Nh8 34. Nh2 Nf7
35. Qg4 Nc2 36. Qe2 Nb4 37. Nf3 Nc6 38. Ng5 Ncd8 39. Nxf7 Nxf7 40. Qd1 Qb2 41.
Kf1 Qb6 42. Ke1 Qg6 43. Kf2 Qf6+ 44. Kg2 Qb6 45. Qb3 Qd6 46. Qb7 Bf8 47. Qc8 Qb6
48. Qg4+ Bg7 49. Qd1 Qb2 50. Kf1 Qb6 51. Qb3 Qd6 52. Qb7 Bf8 53. Kg2 Qe6 54. Qb3
Qg6 55. Ne2 Nh6 56. Bxh6 Qxh6 57. Qd1 Bg7 58. Qc1 Qg6 59. Ng1 Bh6 60. Qd1 Bg7
61. Nh3 Bh6 62. Nf2 Bg7 63. Qg4 Qb6 64. Qc8+ Kh7 65. Qf5+ Kg8 66. g4 Qf6 67. g5
Qb6 68. Kf3 Qb1 69. g6 Qb7 70. Qe6+ Kh8 71. Qe8+ 1-0

[Event "54. Miedzynarodowy Festiwal Szachowy im. Akiby Rubinsteina<br/>OPEN A "]
[Site "Polanica-Zdroj"]
[Date "1899-12-30"]
[Round "8.33"]
[White "Jedynak, January"]
[Black "Dzikowski, Michal"]
[Result "0-1"]
[WhiteTitle "I+"]
[BlackTitle "k"]
[WhiteElo "1827"]
[BlackElo "2155"]

1. e4 c6 2. d4 d5 3. e5 Bf5 4. g4 Bd7 5. Bd3 e6 6. Ne2 c5 7. c3 Nc6 8. Nd2 Qb6
9. Nf3 cxd4 10. cxd4 f6 11. exf6 Bb4+ 12. Bd2 Nxf6 13. Bxb4 Qxb4+ 14. Kf1 O-O-O
15. h3 Rdf8 16. Kg2 Kb8 17. Qc2 Qd6 18. Rhe1 Nb4 19. Qd2 Nxd3 20. Qxd3 Ne4 21.
Nc3 Bc6 22. Re2 Qf4 23. Qe3 h5 24. Qxf4+ Rxf4 25. Nxe4 hxg4 26. hxg4 dxe4 27.
Ne5 Bd5 28. Kg3 g5 29. Rc1 a6 30. Re3 Rh7 31. b3 Rf6 32. Kg2 Rfh6 33. Rcc3 Rh1
34. a4 Rd1 35. b4 Rhh1 36. Nd7+ Ka7 37. f3 exf3+ 38. Kf2 Rd2+ 39. Kg3 Rg2# 0-1

[Event "54. Miedzynarodowy Festiwal Szachowy im. Akiby Rubinsteina<br/>OPEN A "]
[Site "Polanica-Zdroj"]
[Date "1899-12-30"]
[Round "8.34"]
[White "Wieczorek, Mikolaj"]
[Black "Rogacewicz, Mikolaj"]
[Result "0-1"]
[WhiteTitle "I"]
[BlackTitle "I+"]
[WhiteElo "1757"]
[BlackElo "2009"]

1. e4 e6 2. d4 d5 3. Nd2 Nf6 4. e5 Nfd7 5. Bd3 c5 6. c3 Nc6 7. Ndf3 g6 8. Ne2 Bg7
9. O-O O-O 10. Bg5 Qb6 11. Qc1 cxd4 12. cxd4 f6 13. Bh6 fxe5 14. Bxg7 Kxg7 15.
dxe5 Kg8 16. Bxg6 hxg6 17. Qg5 Kg7 18. Nf4 Rxf4 19. Qxf4 Qb4 20. Qg3 Nc5 21. Nh4
Ne7 22. a3 Qd2 23. Rfd1 Qh6 24. Qc3 Ne4 25. Qc7 Kf7 26. Nf3 Qf4 27. Rac1 b6 28.
Qd8 Bb7 29. Qd7 Ba6 30. Rc7 Re8 31. Re1 g5 32. Qa4 g4 33. Ng5+ Qxg5 34. Qxa6 Qxe5
35. Rxa7 Rh8 36. g3 Qh5 37. h4 gxh3 38. Kh2 Qf3 39. Qf1 Nf6 40. Rxe6 Ng4+ 0-1

[Event "54. Miedzynarodowy Festiwal Szachowy im. Akiby Rubinsteina<br/>OPEN A "]
[Site "Polanica-Zdroj"]
[Date "1899-12-30"]
[Round "8.35"]
[White "Dryja, Szymon"]
[Black "Tsesler, Yakau"]
[Result "0-1"]
[WhiteTitle "I++"]
[BlackTitle ""]
[WhiteElo "1878"]
[BlackElo "1709"]

1. Nf3 d5 2. b3 Nf6 3. Bb2 e6 4. e3 Nbd7 5. d4 Bd6 6. Bd3 O-O 7. O-O b6 8. Nbd2
Bb7 9. c4 Ne4 10. Qc2 f5 11. Ne5 Rf6 12. f3 Nxd2 13. Qxd2 Rh6 14. Qf2 Qe7 15.
cxd5 exd5 16. f4 Rf8 17. Qc2 Rhf6 18. Bc3 g6 19. Be1 Re6 20. Rf3 Nf6 21. Bh4 Qg7
22. Bb5 Ne4 23. Bd7 Rxe5 24. fxe5 Qxd7 25. exd6 Qxd6 26. Bg3 Nxg3 27. Rxg3 Re8
28. Rf1 Kh8 29. Rc1 Re7 30. Rf3 Kg7 31. Qc3 Kg8 32. b4 c6 33. a4 a6 34. Rf2 Qe6
35. Re2 f4 36. Rce1 Qg4 37. e4 dxe4 38. Rxe4 Rxe4 39. Rxe4 c5 40. Qc4+ Kf8 41.
Qe2 Qxe2 42. Rxe2 cxb4 43. Re6 b5 44. axb5 a5 45. Kf2 b3 46. Re1 a4 47. Ke2 b2
48. Kd2 a3 49. Kc2 Bxg2 50. b6 Bd5 51. Re5 f3 52. Rxd5 f2 53. b7 b1=Q+ 54. Kxb1
f1=Q+ 55. Ka2 Qc4+ 56. Kxa3 Qa6+ 0-1

[Event "54. Miedzynarodowy Festiwal Szachowy im. Akiby Rubinsteina<br/>OPEN A "]
[Site "Polanica-Zdroj"]
[Date "1899-12-30"]
[Round "8.36"]
[White "Antoniewicz, Jakub"]
[Black "Chmiel, Piotr"]
[Result "0-1"]
[WhiteTitle "II+"]
[BlackTitle "I+"]
[WhiteElo "1769"]
[BlackElo "1865"]

1. d4 d5 2. Bf4 Nf6 3. e3 Bg4 4. f3 Bd7 5. g4 e6 6. c4 c5 7. g5 Nh5 8. Bxb8 Rxb8
9. f4 g6 10. cxd5 cxd4 11. dxe6 Bb4+ 12. Nc3 Bc6 13. exf7+ Kf8 14. Qb3 Qe7 15.
O-O-O dxc3 16. bxc3 Qxe3+ 17. Kb2 Bc5 18. Bc4 Bxh1 19. Qb5 Bc6 20. Qa5 Bb6 21.
Qb4+ Qc5 22. Qb3 Nxf4 23. Rf1 Qxg5 24. Qb4+ Kg7 25. Qd6 Rbd8 26. Nh3 Qg2+ 27.
Rf2 Qxf2+ 28. Nxf2 Rxd6 0-1

[Event "54. Miedzynarodowy Festiwal Szachowy im. Akiby Rubinsteina<br/>OPEN A "]
[Site "Polanica-Zdroj"]
[Date "1899-12-30"]
[Round "8.38"]
[White "Trusz, Julia"]
[Black "Cap, Piotr"]
[Result "0-1"]
[WhiteTitle "I+"]
[BlackTitle "I"]
[WhiteElo "1684"]
[BlackElo "1877"]

1. e4 d6 2. d4 Nf6 3. Nc3 g6 4. Nf3 Bg7 5. Be2 O-O 6. O-O c6 7. a4 Qc7 8. h3 e5
9. Bg5 Re8 10. d5 c5 11. Nb5 Qe7 12. Nd2 a6 13. Nc3 h6 14. Bh4 Nbd7 15. a5 g5
16. Bg3 Nf8 17. Na4 Ng6 18. Nb6 Rb8 19. Re1 Nf4 20. Ra3 Kh8 21. Bf3 Ng8 22. Ndc4
Qf6 23. Nxc8 Rbxc8 24. Nb6 Rc7 25. Bg4 Ne7 26. Bxf4 gxf4 27. g3 Rg8 28. Qf3 h5
29. Bxh5 Bh6 30. Kh1 Qg7 31. Bg4 Qh7 32. Rg1 f5 33. Bxf5 Nxf5 34. exf5 Qxf5 35.
g4 Qxc2 36. g5 Qg6 37. h4 Rh7 38. Qh3 Bxg5 39. Rg4 Qe4+ 0-1

[Event "54. Miedzynarodowy Festiwal Szachowy im. Akiby Rubinsteina<br/>OPEN A "]
[Site "Polanica-Zdroj"]
[Date "1899-12-30"]
[Round "8.39"]
[White "Czarniecka, Aleksandra"]
[Black "Vanduyfhuys, Igor"]
[Result "1-0"]
[WhiteTitle "k"]
[BlackTitle "II+"]
[WhiteElo "1980"]
[BlackElo "1687"]

1. e4 c5 2. Nf3 g6 3. d4 cxd4 4. Nxd4 Bg7 5. c4 Nc6 6. Nc2 Nf6 7. Nc3 O-O 8. Be2
d6 9. h4 Qa5 10. O-O Bd7 11. Bd2 Qb6 12. Rb1 Rac8 13. Be3 Qd8 14. b3 Ne5 15. Bd2
Bc6 16. f4 Ned7 17. Bf3 Nc5 18. Qe2 a6 19. Nb4 Qb6 20. Nbd5 Bxd5 21. Nxd5 Nxd5
22. exd5 Rfe8 23. Be3 Qc7 24. Kh2 e5 25. dxe6 Rxe6 26. Bd5 Re7 27. Qf3 Rce8 28.
Bf2 Ne6 29. Bxe6 Rxe6 30. Rbd1 Re2 31. Rfe1 Qe7 32. Rxe2 Qxe2 33. Re1 1-0

[Event "54. Miedzynarodowy Festiwal Szachowy im. Akiby Rubinsteina<br/>OPEN A "]
[Site "Polanica-Zdroj"]
[Date "1899-12-30"]
[Round "8.40"]
[White "Duda, Lucas"]
[Black "Sacharewicz, Krzysztof"]
[Result "0-1"]
[WhiteTitle ""]
[BlackTitle "I++"]
[WhiteElo "1874"]
[BlackElo "1775"]

1. e4 Nf6 2. e5 Nd5 3. d4 d6 4. c4 Nb6 5. exd6 cxd6 6. Nc3 g6 7. Be3 Bg7 8. Rc1
O-O 9. b3 Nc6 10. d5 Ne5 11. Be2 f5 12. f4 Ng4 13. Bd4 Nf6 14. Nf3 a5 15. O-O
Nbd7 16. a3 Nc5 17. b4 axb4 18. axb4 Nce4 19. Qb3 Bd7 20. Ra1 Qc7 21. Na4 Bxa4
22. Rxa4 Ra6 23. Rxa6 bxa6 24. Ra1 Qb7 25. g3 Rb8 26. Ra4 Nc5 27. Bxc5 dxc5 28.
Ne5 Qb6 29. Kg2 cxb4 30. Nc6 Ne4 31. Qf3 b3 32. Rb4 Qxb4 33. Nxb4 b2 34. Bd3 Rxb4
35. Qd1 a5 36. Bc2 a4 37. c5 Nxc5 38. d6 Rd4 39. dxe7 Kf7 40. Qe2 Ne4 41. Kh3
Kxe7 42. Bb1 Rd2 43. Qe3 Bd4 44. Qa3+ Bc5 45. Qxa4 Bg1 46. Qb4+ Kd7 47. Qa4+ Kc7
48. Qa5+ Kb8 49. Qb5+ Kc8 50. Qa6+ Kd8 51. Qa8+ Ke7 52. Qb7+ Kf6 53. Qc6+ Kg7
54. Qc7+ Kh6 0-1

[Event "54. Miedzynarodowy Festiwal Szachowy im. Akiby Rubinsteina<br/>OPEN A "]
[Site "Polanica-Zdroj"]
[Date "1899-12-30"]
[Round "8.41"]
[White "Galant, Ireneusz"]
[Black "Wasylkiewicz, Andrzej"]
[Result "1-0"]
[WhiteTitle "I"]
[BlackTitle "I"]
[WhiteElo "1768"]
[BlackElo "1816"]

1. d4 d5 2. c4 Nc6 3. cxd5 Qxd5 4. e3 e5 5. Nc3 Bb4 6. Bd2 Bxc3 7. Bxc3 e4 8. Ne2
Bg4 9. Qa4 Nge7 10. Nf4 Qf5 11. h3 O-O-O 12. hxg4 Qxg4 13. Be2 Qf5 14. Qd1 Kb8
15. Bg4 Qb5 16. Be2 Qf5 17. g4 Qd7 18. Qc2 g5 19. Nh5 f5 20. gxf5 Qxf5 21. Ng3
Qf7 22. Nxe4 Rdf8 23. Rh2 h5 24. d5 Nxd5 25. Bxh8 Rxh8 26. Bc4 1-0

[Event "54. Miedzynarodowy Festiwal Szachowy im. Akiby Rubinsteina<br/>OPEN A "]
[Site "Polanica-Zdroj"]
[Date "1899-12-30"]
[Round "8.42"]
[White "Derylo, Kamil"]
[Black "Lukasik, Zuzanna"]
[Result "0-1"]
[WhiteTitle "I"]
[BlackTitle "I++"]
[WhiteElo "1833"]
[BlackElo "1517"]

1. d4 d5 2. c4 e6 3. Nc3 Nf6 4. cxd5 exd5 5. Bg5 c6 6. e3 Be7 7. Bd3 O-O 8. Qc2
g6 9. Nf3 Be6 10. O-O Nbd7 11. Rab1 a5 12. a3 b5 13. Rfe1 Rc8 14. e4 Nb6 15. b4
a4 16. Ne5 Qc7 17. Qd2 dxe4 18. Nxe4 Nxe4 19. Bxe4 Bxg5 20. f4 Bf6 21. Nxc6 Qd7
22. Ne5 Bxe5 23. fxe5 Nc4 0-1

[Event "54. Miedzynarodowy Festiwal Szachowy im. Akiby Rubinsteina<br/>OPEN A "]
[Site "Polanica-Zdroj"]
[Date "1899-12-30"]
[Round "8.43"]
[White "Jankowski, Aleksander"]
[Black "Kruczynski, Marek"]
[Result "0-1"]
[WhiteTitle "I"]
[BlackTitle "I"]
[WhiteElo "1728"]
[BlackElo "1786"]

1. e4 e5 2. Nf3 Qe7 3. Nc3 c6 4. Bc4 h6 5. O-O Nf6 6. d4 d6 7. Qd3 g5 8. dxe5 dxe5
9. Rd1 Nbd7 10. a4 Nc5 11. Qe3 Qc7 12. b4 Ne6 13. b5 Bc5 14. Qe1 Ng4 15. Rd2 Nd4
16. Nxd4 exd4 17. Nd1 Qxh2+ 18. Kf1 Qh1+ 19. Ke2 Qxg2 20. Bd3 Ne5 21. Qf1 Bg4+
22. Ke1 Nf3+ 23. Ke2 Nh2+ 24. Ke1 Nxf1 25. Bxf1 Qg1 0-1

[Event "54. Miedzynarodowy Festiwal Szachowy im. Akiby Rubinsteina<br/>OPEN A "]
[Site "Polanica-Zdroj"]
[Date "1899-12-30"]
[Round "9.1"]
[White "Frolov, Artur"]
[Black "Lewtak, Damian"]
[Result "1-0"]
[WhiteTitle "IM"]
[BlackTitle "m"]
[WhiteElo "2420"]
[BlackElo "2369"]

1. d4 Nf6 2. Nf3 g6 3. g3 Bg7 4. Bg2 O-O 5. O-O d5 6. c4 c6 7. cxd5 cxd5 8. Ne5
Ng4 9. Nxg4 Bxg4 10. Nc3 Nc6 11. h3 Be6 12. e3 Qd7 13. Kh2 Rac8 14. Bd2 h5 15.
f4 Rfd8 16. Rf2 Na5 17. b3 b6 18. Qf1 Nb7 19. Rc1 Rc7 20. Qb5 f5 21. Qxd7 Rcxd7
22. Nb5 Nd6 23. Nc7 Kf7 24. Nxd5 Ne4 25. Bxe4 Bxd5 26. Bxd5+ Rxd5 27. Bb4 Bf6
28. h4 a5 29. Ba3 a4 30. bxa4 Ra8 31. Bb4 Rxa4 32. a3 Ra7 33. Rfc2 Rdd7 34. Rc6
Rdb7 35. Rc8 Ke6 36. Kg2 Kd7 37. Rg8 Rc7 38. Rxc7+ Rxc7 39. Rxg6 Ke6 40. Rg8 Kd5
41. Kf3 Kc4 42. Ke2 Rc6 43. Rb8 Kd5 44. Kd3 Rc1 45. Rxb6 Rg1 46. Rb5+ Ke6 47.
a4 Rxg3 48. a5 Rg8 49. d5+ Kf7 50. Rb7 Bxh4 51. a6 Bf6 52. a7 Ra8 53. Bc5 h4 54.
Rb8 h3 55. Rxa8 h2 56. Rf8+ Kg6 57. Rxf6+ 1-0

[Event "54. Miedzynarodowy Festiwal Szachowy im. Akiby Rubinsteina<br/>OPEN A "]
[Site "Polanica-Zdroj"]
[Date "1899-12-30"]
[Round "9.2"]
[White "Cherepov, Alexej"]
[Black "Psyk, Radoslaw"]
[Result "1-0"]
[WhiteTitle "k"]
[BlackTitle "k++"]
[WhiteElo "2245"]
[BlackElo "2304"]

1. Nf3 d5 2. g3 c6 3. Bg2 Bg4 4. O-O Nd7 5. d4 e6 6. Nbd2 Ngf6 7. Re1 Bd6 8. e4
dxe4 9. Nxe4 Nxe4 10. Rxe4 Nf6 11. Re1 O-O 12. c3 Qc7 13. Qb3 Rad8 14. Ne5 Bxe5
15. dxe5 Nd7 16. Qa4 Bh5 17. Qxa7 Nxe5 18. Bf4 f6 19. Qe3 Qf7 20. Bxe5 fxe5 21.
a4 Bg6 22. Bf1 Bh5 23. Be2 Rd5 24. a5 Rfd8 25. a6 bxa6 26. Rxa6 Bxe2 27. Rxe2
c5 28. Qe4 Qf5 29. Qe3 Qh3 30. Ra1 c4 31. Rae1 Qf5 32. Kg2 Rd1 33. Rxd1 Rxd1 34.
Qxe5 Qxe5 35. Rxe5 Kf7 36. Kf3 Kf6 37. Re4 Rb1 38. Rxc4 Rxb2 39. h4 h5 40. Rc7
g6 41. Ke3 Ke5 42. Rc5+ Kf6 43. f4 Rg2 44. Rg5 Ra2 45. c4 Ra8 46. Kd4 Rd8+ 47.
Kc3 Rg8 48. c5 Ke7 49. Kd4 Rd8+ 50. Ke5 Rc8 51. Kd4 Rg8 52. Ke4 Rc8 53. Kd3 Rg8
54. Kc4 Kd7 55. Kd4 Ke7 56. c6 Kd6 57. Rc5 Kc7 58. Ke5 Rd8 59. Kf6 Rd3 60. Rg5
1-0

[Event "54. Miedzynarodowy Festiwal Szachowy im. Akiby Rubinsteina<br/>OPEN A "]
[Site "Polanica-Zdroj"]
[Date "1899-12-30"]
[Round "9.4"]
[White "Kumala, Aleksander"]
[Black "Stachowiak, Kamil"]
[Result "0-1"]
[WhiteTitle "k"]
[BlackTitle "IM"]
[WhiteElo "2238"]
[BlackElo "2447"]

1. d4 d5 2. Bg5 g6 3. Nd2 Bg7 4. e3 Nf6 5. Bd3 O-O 6. c3 c5 7. Ngf3 Nbd7 8. O-O
b6 9. Re1 Bb7 10. Qc2 Rc8 11. a4 a6 12. h3 Re8 13. Rad1 Nh5 14. Nf1 Qc7 15. Qe2
e5 16. Bxa6 Bxa6 17. Qxa6 Ra8 18. Qb5 Ra5 19. Qb3 c4 20. Qc2 e4 21. N3d2 Qc6 22.
b3 cxb3 23. Qxb3 Rxa4 24. Rb1 Ra5 25. c4 dxc4 26. Qxc4 Qxc4 27. Nxc4 Rxg5 28.
Nxb6 Nxb6 29. Rxb6 Ra5 30. Rc1 Nf6 31. Rb7 Nd5 32. Nd2 Bf8 33. g3 Ra2 34. Nf1
Rd8 35. Rc6 Bb4 36. Rc1 Rd6 37. g4 Rf6 38. Rb5 Nc3 39. g5 Rf3 40. Rb8+ Kg7 41.
Ng3 Rxg3+ 42. fxg3 Ne2+ 43. Kf1 Nxg3+ 44. Kg1 Bd2 45. Kf2 Bxc1+ 46. Kxg3 Bxe3
47. Re8 Bxg5 0-1

[Event "54. Miedzynarodowy Festiwal Szachowy im. Akiby Rubinsteina<br/>OPEN A "]
[Site "Polanica-Zdroj"]
[Date "1899-12-30"]
[Round "9.6"]
[White "Wisniewski, Michal"]
[Black "Reza, Wojciech"]
[Result "1-0"]
[WhiteTitle "k+"]
[BlackTitle "FM"]
[WhiteElo "2122"]
[BlackElo "2303"]

1. c3 Nf6 2. c4 e5 3. d3 Nc6 4. a3 d5 5. cxd5 Nxd5 6. Nf3 Bg4 7. Nbd2 Bc5 8. h3
Be6 9. Qc2 Qe7 10. b4 Bb6 11. Bb2 Bd7 12. Nc4 O-O 13. e4 Nf4 14. Nfxe5 Nd4 15.
Qc3 Ba4 16. Rc1 Nfe6 17. Nxb6 cxb6 18. Nf3 Rfd8 19. Be2 Nxe2 20. Kxe2 Nf4+ 21.
Kf1 f6 22. Nd4 Qd7 23. g3 Nxh3 24. Qc4+ Kh8 25. b5 Rac8 26. Qxa4 Rxc1+ 27. Bxc1
Ng5 28. Be3 Qg4 29. Bxg5 fxg5 30. Kg2 Qd7 31. Nf3 Qxd3 32. Nxg5 Kg8 33. Rc1 h6
34. Nf3 Qd7 35. Qc4+ Kh7 36. e5 Re8 37. Re1 Re6 38. Re3 Qe7 39. Qe4+ 1-0

[Event "54. Miedzynarodowy Festiwal Szachowy im. Akiby Rubinsteina<br/>OPEN A "]
[Site "Polanica-Zdroj"]
[Date "1899-12-30"]
[Round "9.7"]
[White "Jaskolka, Tomasz"]
[Black "Shishkin, Vadim"]
[Result "0-1"]
[WhiteTitle "k+"]
[BlackTitle "GM"]
[WhiteElo "2165"]
[BlackElo "2461"]

1. d4 Nf6 2. Bf4 g6 3. Nc3 d5 4. e3 Bg7 5. h4 h5 6. Be2 O-O 7. Nf3 c5 8. Ne5 Nc6
9. Qd2 Be6 10. Bb5 Nxe5 11. Bxe5 c4 12. Ba4 a6 13. f3 b5 14. Bxb5 axb5 15. Nxb5
Qb6 0-1

[Event "54. Miedzynarodowy Festiwal Szachowy im. Akiby Rubinsteina<br/>OPEN A "]
[Site "Polanica-Zdroj"]
[Date "1899-12-30"]
[Round "9.8"]
[White "Klepek, Witold"]
[Black "Djuric, Stefan"]
[Result "0-1"]
[WhiteTitle "k+"]
[BlackTitle "GM"]
[WhiteElo "2139"]
[BlackElo "2352"]

1. e4 e5 2. Nf3 Nc6 3. d4 exd4 4. Nxd4 Bb4+ 5. c3 Bc5 6. g3 Nf6 7. Bg2 O-O 8. O-O
Re8 9. Re1 d5 10. Nxc6 bxc6 11. Bg5 h6 12. Bxf6 Qxf6 13. Qf3 Qxf3 14. Bxf3 f5
15. e5 Rb8 16. Bh5 Rxb2 17. Bxe8 Bxf2+ 18. Kh1 Bxe1 19. Bxc6 Be6 20. Na3 Bxc3
21. Rc1 Bd2 22. Rd1 a6 23. Nb1 Bb4 24. a3 Ba5 25. Rc1 d4 0-1

[Event "54. Miedzynarodowy Festiwal Szachowy im. Akiby Rubinsteina<br/>OPEN A "]
[Site "Polanica-Zdroj"]
[Date "1899-12-30"]
[Round "9.10"]
[White "Luberanski, Jakub"]
[Black "Nowak, Kamil"]
[Result "0-1"]
[WhiteTitle "I"]
[BlackTitle "m"]
[WhiteElo "1763"]
[BlackElo "2313"]

1. e4 e6 2. d4 d5 3. Nc3 Nf6 4. e5 Nfd7 5. f4 c5 6. Nf3 Nc6 7. Be3 Be7 8. Be2 O-O
9. O-O b6 10. Qe1 f5 11. Kh1 Bb7 12. Rd1 Kh8 13. Qg3 Rg8 14. Qh3 cxd4 15. Nxd4
Nxd4 16. Bxd4 Nc5 17. g4 Qc8 18. Rg1 Ne4 19. gxf5 exf5 20. Bh5 Rf8 21. Rg2 Bc5
22. Ne2 Qe6 23. Rdg1 Qh6 24. c3 Bxd4 25. cxd4 a5 26. Ng3 g6 27. Bg4 Qxf4 28. Bd1
Qe3 29. Qh4 Nf2+ 30. Rxf2 Qxf2 31. Qe7 Rae8 32. Qxb7 Qxd4 33. Bf3 f4 34. Ne2 Qxb2
35. Qxd5 Qxe5 36. Qb7 Qb2 37. Rg2 Qa1+ 38. Rg1 Qxa2 39. Qxb6 Qd2 40. Rg2 Qb4 41.
Qa7 a4 42. Qg1 a3 43. Rxg6 hxg6 44. Qxg6 Qe1+ 45. Ng1 Qe7 46. Qh6+ Qh7 47. Qa6
Qg7 48. Qxa3 Re1 49. Qc5 Rg8 0-1

[Event "54. Miedzynarodowy Festiwal Szachowy im. Akiby Rubinsteina<br/>OPEN A "]
[Site "Polanica-Zdroj"]
[Date "1899-12-30"]
[Round "9.11"]
[White "Kozak, Antoni"]
[Black "Bukojemski, Adam"]
[Result "1/2-1/2"]
[WhiteTitle "k"]
[BlackTitle "k"]
[WhiteElo "2157"]
[BlackElo "2233"]

1. d4 Nf6 2. Bf4 e6 3. e3 c5 4. Nf3 Qb6 5. Na3 cxd4 6. Nb5 Nd5 7. Qxd4 Qxd4 8.
Nfxd4 Nxf4 9. exf4 Kd8 10. Nf3 f6 11. O-O-O a6 12. Nd6 Bxd6 13. Rxd6 Kc7 14. Rd2
b5 15. h4 Nc6 16. Rh3 Bb7 17. Rg3 g6 18. h5 Ne7 19. Nh4 Rag8 20. a4 Bc6 21. axb5
axb5 22. Be2 Ra8 23. Rd4 Ra1+ 24. Kd2 Rh1 25. Rh3 Rxh3 26. gxh3 Ra8 27. Rd3 Ra4
28. hxg6 hxg6 29. Rg3 Nf5 30. Nxf5 gxf5 31. Rg6 Rxf4 32. f3 Rh4 33. Bf1 Bxf3 34.
Bxb5 Rxh3 35. Rxf6 Rh2+ 36. Ke3 Be4 37. Rf7 Rxc2 38. Rxd7+ Kb6 39. Bd3 Bxd3 40.
Kxd3 Rxb2 41. Rd6+ Kc5 42. Rxe6 Kd5 43. Ra6 Rb3+ 44. Ke2 Ke5 45. Ra4 f4 46. Ra8
Kf5 47. Rf8+ Kg4 48. Rg8+ Kh3 49. Kf2 Rg3 50. Rh8+ Kg4 1/2-1/2